Представление документа в формате RUSMARC

ПолеНазваниеЗначение
  Тип записи a
  Библиографический уровень m
001 Контрольный номер RU/SLIB/B/208709442
005 Дата корректировки 20241023145358.7
010 Индекс ISBN __
d Цена 31-50
101 Язык документа __
a Язык текста rus
c Язык оригинала rus
200 Заглавие и сведения об ответственности 0_
a Заглавие Жизнь Дмитрия Шостаковича
f Первые сведения об ответственности Л. В. Соллертинская
b Общее обозначение материала Текст
210 Выходные данные __
a Место издания М.
c Издательство ТЕРРА
d Дата издания 1997
215 Физическое описание __
a Объем 368 с.
225 Серия __
a Серия Портреты
600 Персоналии __
a Персоналии (Фамилия) Шостакович, Д. Д.
c Дополнение к имени композитор русский
f Даты 1906-1975
g Полное имя Дмитрий Дмитриевич
606 Тематические рубрики __
a Основная рубрика Музыка и зрелищные искусства
z Хронологическая подрубрика 20 в.
y Географическая подрубрика Россия
606 Тематические рубрики __
a Основная рубрика История музыки
610 Ключевые слова __
a Ключевые слова персоналии; биографии; музыканты; биографические очерки; композиторы
686 Индексы других классификаций __
2 Код системы rubbks
a Классификационный индекс 85.313(2=411.2)6-8 ; ст85.313(2)6г
700 Автор _1
a Фамилия Михеева
b Имя Л.
c Титул (звания) Л. В. Соллертинская
4 Код отношения 070
801 Источник записи _0
a Страна RU
b Организация Муниципальное бюджетное учреждение культуры "Централизованная библиотечная система" г. Сургут (Центральная городская библиотека им. А. С. Пушкина)
g Правила каталогизации ОБ/Варварина
801 Источник записи _1
a Страна RU
b Организация Муниципальное бюджетное учреждение культуры "Централизованная библиотечная система" г. Сургут (Центральная городская библиотека им. А. С. Пушкина)
g Правила каталогизации ОБ/Варварина
852 Данные о местонахождении __
j Шифр хранения 85.313(2=411.2)6-8
c Каталожный индекс 85.313(2)6-8
i Авторский знак М 69
p Инвентарный номер 76117
901 Тип документа __
t Тип документа m
903 Характеристики (МАРС) __
a Дата передачи 20000621
990 Данные о заказе (DOS) 00
j Количество экземпляров (DOS) 4
t N записи в КСУ для И/У (DOS) 200001